000 00443nam a2200181Ia 4500
001 43537
008 140425s9999 xx 000 0 und d
020 _aNA
040 _cPK-LaUMT
082 _aRHC 891.4394
_bANW-M
100 _aAnwar Sadeed
245 _aMauzooaat (Urdu)
_cAnwar Sadeed
260 _aLahore,Pakistan:
_bMaktbah-e-Aaliya,
_c1991
300 _a208 p.
546 _aUR
650 _aPakistani literature-Urdu
942 _cBK
999 _c41545
_d41545